Score 0/24 Timer 10:00
0 Plays Today
Quote Anime % Correct
'Humankind cannot gain anything without first giving something in return.'Fullmetal Alchemist (2003)
64.1%
'Bang.'Cowboy Bebop
59.5%
'When somebody wins, the fighting will end.'Code Geass: Lelouch of the Rebellion
36.4%
'All right. I'll play a game with this endless June.'When They Cry
19.1%
'No matter how great your technology might be, the world cannot live without love!'Laputa: Castle In The Sky
17.3%
'Who knew that copies could still be produced despite the absence of the original?'Ghost in The Shell: Stand Alone Complex
11.4%
'May those who accept their fate find happiness; those who defy it, glory.'Princess Tutu
11.4%
'At the time, we were drawn by two things: One was our classmate [name]... The other was the giant tower across the Tsugaru Strait...'The Place Promised In Our Early Days
10.9%
'Excuse me, who are you?'Perfect Blue
10.5%
'It must really be a lonelier journey than anyone could imagine. Cutting through absolute darkness, encountering nothing but the occasional hydrogen atom.'5 Centimeters Per Second
9.5%
'Are you ready guys? Put your guns on!'Sengoku Basara
9.1%
'What lies in the furthest reaches of sky?'Last Exile
8.6%
Quote Anime % Correct
'And then the wolf ate Little Red Riding Hood.'Jin-Roh: The Wolf Brigade
8.2%
'Hide the truth. Manipulate information. Use intimidation.'Humanity Has Declined
7.7%
'Earth, today it can illuminate the heavens! Let it stand forever, our Ziggurat!'Metropolis
7.3%
'Can you feel it? The pulse of the awakening?'Ergo Proxy
7.3%
'Do not allow yourself to be blinded by fear or anger, everything is only as it is.'Mushi-Shi
6.8%
'They are playing hide and seek, or something like that...'Monster
6.8%
'Was it a dream? Or merely a vision?'The Vision Of Escaflowne
6.4%
'Did you know? The world is full of hate and there isn’t any reason for it?'Eureka 7
6.4%
'Because she learned about happiness, she feels lonely for the first time.'ef~a tale of memories
5.5%
'My heart is stronger now, because you're in it.'The Secret World of Arrietty
4.1%
'Hope and passion slip through your fingers like sand.'Aoi Bungaku
4.1%
'Dear God, please give us your mercy. Mercy for we are lost. Forgive the irresponsible, the trivial men who beg you from the dark for the forgiveness of your light. 'The Wings Of Honneamise
3.2%

You're not logged in!

Compare scores with friends on all Sporcle quizzes.
OR
Log In

Sporcle TV

Today on Sporcle TV


Watch our educational content, quiz creation guides, and fun videos on Sporcle TV.

Show Comments

Extras

Top Quizzes Today


Score Distribution

Paid Content

Your Account Isn't Verified!

In order to create a playlist on Sporcle, you need to verify the email address you used during registration. Go to your Sporcle Settings to finish the process.

Report this User

Report this user for behavior that violates our Community Guidelines.

Details: